Statistics for Supervillain Alter Egos Quiz

Click here to take the quiz!

General Stats

  • This quiz has been taken 7,189 times
    (6,817 since last reset)
  • The average score is 10 of 22

Answer Stats

Alter EgoSupervillain% Correct
Harvey DentTwo-Face
92%
Selina KyleCatwoman
88%
Otto OctaviusDoctor Octopus
83%
Norman OsbornGreen Goblin
83%
Oswald CobblepotPenguin
74%
Eddie BrockVenom
62%
Erik LensherrMagneto
58%
Pamela IsleyPoison Ivy
50%
Jonathan CraneScarecrow
50%
Wilson FiskKingpin
49%
Kent ClarkBizarro
46%
Slade WilsonDeathstroke
45%
Floyd LawtonDeadshot
34%
Raven DarkholmeMystique
33%
Cletus KasadyCarnage
31%
Johann SchmidtRed Skull
31%
Victor CreedSabretooth
26%
Emil BlonskyAbomination
25%
Cain MarkoJuggernaut
23%
Waylon JonesKiller Croc
23%
Basil KarloClayface
22%
Fred DukesBlob
19%

Score Distribution

Percentile by Number Answered

Percent of People with Each Score

Your Score History

You have not taken this quiz since the last reset